000 00605nam a2200205 4500
003 OSt
005 20240704074311.0
006 a
008 240704b |||||||| |||| 00| 0 eng d
020 _a9780071482806
040 _aDWCL-Main lib.
_cOC
082 _aCirc. 621.382 F548f 2007
100 _aFitz, Michae
245 _aFundamentals of communications systems /
260 _aN.Y.:
_bMcgraw-Hill,
_cc2007.
300 _axxxii
_b(variouspaging): ill.;
_c24 cm.
504 _aincludes Bibliographical references & index.
650 _a1. Telecommunication systems.
942 _2ddc
_n0
_cBK-CIRC
_kCirc.
999 _c1966
_d1966